| 000 | 00777nam a22002177a 4500 | ||
|---|---|---|---|
| 999 |
_c13547 _d13547 |
||
| 003 | AR-CdUCM | ||
| 008 | 190415b ||||| |||| 00| 0 spa d | ||
| 040 |
_aMUNICIPALIDAD PROVINCIAL DEL CUSCO _cBIBLIOTECA MUNICIPAL DEL CUSCO |
||
| 082 |
_aC /160 / _bV61 / 1944 |
||
| 100 |
_aVidal, Humberto _923976 |
||
| 245 | _aLógica y ética / | ||
| 260 |
_aCuzco : _bRozas, _c1944. |
||
| 300 |
_a221 páginas ; _c19 cm. |
||
| 440 |
_aBiblioteca didáctica manuales de filosofía _931990 |
||
| 505 | _aContenido : Lógica -- El juicio -- Elementos del juicios - el concepto -- El razonamiento -- Principios lógicos -- La definición ... | ||
| 650 |
_aLógica _92358 |
||
| 650 |
_aÉtica _91337 |
||
| 650 |
_aRazonamiento _920965 |
||
| 942 |
_2ddc _cLIBROS |
||
| 945 |
_arah _d15/04/2019 |
||